000 00716nam a2200229 i 4500
001 bgj
100 1 _aArmanski, Gerhard.
245 1 0 _aGewissen im Feuer :
_bKetzerei und Inquisition /
_cGerhard Armanski.
260 _aPfaffenweiler :
_bCentaurus-Verlagsgesellschaft,
_c1998.
300 _a160 S. :
_bIll. ;
_c21 cm.
490 1 _aGeschichte der Gewalt in Europa,
_x0948-356X ;
_v2
504 _aBibliographie S. 152-160.
650 9 _aHäresie
_xGeschichte
650 9 _aInquisition
_xGeschichte
830 _aGeschichte der Gewalt in Europa,
_x0948-356X ;
020 _a3825501264
040 _cBPK
041 0 _ager
920 _a3-8255-0126-4
942 _cKS
008 s gw f |000 0 ger
999 _c49486
_d49486
856 _uhttp://koha.tu.koszalin.pl/cgi-bin/koha/opac-detail.pl?biblionumber=49486
_yKatalog online BPK